000 00752cam a2200265 a 4500
001 2570541
005 20240129234214.0
008 950726s1995 enk b 001 0 eng d
020 _a1856492893 (hb)
020 _a1856492900 (pb)
040 _aMiU
_cMiU
_dMiKW
_dDLC
082 0 0 _a305.4
_220
245 0 0 _aWomen and right-wing movements :
_bIndian experiences /
_cedited by Tanika Sarkar, Urvashi Butalia.
260 _aLondon ;
_aNew Jersey :
_bZed Books,
_c1995.
300 _a342 p. ;
650 0 _aWomen
650 0 _aWomen in Hinduism
650 0 _aHinduism and state
650 0 _aRight-wing extremists
650 0 _aCommunalism
650 0 _aFeminism
700 1 _aSarkar, Tanika,
_eedt
700 1 _aButalia, Urvashi.
_eedt
942 _cL
999 _c216
_d216